La Marseillaise (Anthem of France) Lyrics Quiz - Statistics

General Stats
  • This quiz has been taken 893 times
  • The average score is 34 of 46
Answer Stats
Answers % Correct
la
96%
de
95%
Le
94%
Patrie,
92%
Allons,
90%
arrivé !
90%
enfants
90%
jour
90%
est
89%
gloire
86%
sang
85%
nous
84%
tyrannie
84%
Contre
80%
Marchons,
80%
marchons !
80%
levé,
79%
Aux
78%
armes,
76%
citoyens,
76%
nos
75%
vos
75%
impur
74%
sanglant
74%
Formez
73%
les
72%
soldats ?
70%
dans
69%
vous
69%
ces
68%
bataillons,
67%
sillons !
67%
compagnes !
66%
féroces
66%
Qu'un
66%
bras
65%
fils,
65%
Abreuve
64%
Mugir
64%
viennent
63%
campagnes
62%
Ils
62%
jusque
62%
Entendez-
61%
L'étendard
60%
Égorger
59%
No matching quizzes found
Score Distribution
Percent of People with Each Score
Percentile by Number Answered
Your Score History
You have not taken this quiz